| 000 | 00771nam a2200217 i 4500 | ||
|---|---|---|---|
| 001 | 35939 | ||
| 003 | ES-MaACL | ||
| 005 | 20230906155242.0 | ||
| 007 | t| | ||
| 008 | 030214s1937 fr ||||1| fre d | ||
| 100 | 1 |
_aBourcier, Edouard. _930951 |
|
| 245 | 1 | 0 |
_aPrécis historique de Phonetique française / _cpar Edouard Bourcier. |
| 250 | _a8eme ed., rev. et corr. | ||
| 260 |
_aParís : _bC. Klincksieck, _c1937 ( _fLes Procédes Dorel) |
||
| 300 |
_aXLVII, 333 p. ; _c18 cm. |
||
| 490 | 1 | _aNouvelle collection áa l'usage des classes. Le conde. Serie III | |
| 650 | 4 |
_aLengua francesa- _xFonética. _9141023 |
|
| 830 | 0 |
_aNouvelle collection áa l'usage des classes. Le conde. Serie III _9229557 |
|
| 852 |
_aES-MaACL _jG-4580 _bR.23810 |
||
| 999 |
_c35939 _d35939 |
||